000 01055nam a22003617a 4500
001 0000749
003 KOHA_MİRAKIL
005 20260207001219.0
007 ta
008 081212b2008 tu |||gr||||#||||0|tur |
020 _a9789756477105
_cYTL15,69
040 _aTR-BiSEU
_btur
_cTR-BiSEU
_erda
041 0 _atur
044 _ctu
050 _aTK5105.888
_b.B35 2008
100 1 _aBalaban, Erkan.
245 1 _aWeb tasarım kılavuzu/
_cErkan Balaban ; Erkan Balaban.
250 _a7. bsk.
264 1 _aİstanbul :
_bPusula
_c2008
300 _a1193 sayfa: resimli; 24 cm.
336 _ametin
_btxt
_2rdacontent
337 _aaracısız
_bn
_2rdamedia
338 _acilt
_bnc
_2rdacarrier
490 1 _aPusula ;
_v93
500 _aKaynakça var.
650 0 _aWeb sites--Design.
_91526
650 0 _aWord Wide Web.
_91993
650 0 _aWeb servers--Computer programs.
_91994
650 0 _aWeb siteleri--Tasarım.
_91995
650 0 _aWeb hizmetleri--Bilgisayar programları.
_91996
830 1 _aPusula ;
_v93
_93160
942 _2lcc
_cBK
999 _c747
_d747